| 000 | 005930000a22002170004500 | ||
|---|---|---|---|
| 003 | LK-CoMWRAF | ||
| 005 | 20240113125920.0 | ||
| 008 | 230817t1974 ||||| |||| 00| 0 eng d | ||
| 020 | _a0584106750 | ||
| 040 |
_aLK-CoMWRAF _dLK-CoMWRAF _eLK-CoMWRAF |
||
| 041 | _aeng | ||
| 082 |
_a821.912 _bSTR |
||
| 100 | _aStrong, Patience | ||
| 245 | _aLooking forward | ||
| 260 |
_aLondon: _bFrederick Muller Ltd, _c1974 |
||
| 300 | _a 34 unnumbered p. : color ill. ; 17 cm | ||
| 490 | _aColour gift books | ||
| 650 | _aENGLISH POETRY | ||
| 650 | _aPoetry in English, 1900-1945 Texts | ||
| 942 | _cBK | ||
| 999 |
_c2076 _d2076 |
||